| 000 | 00752nam a2200301Ia 4500 | ||
|---|---|---|---|
| 008 | 160803s9999 xx 000 0 und d | ||
| 020 | _a9780399256912 | ||
| 100 | _aAirgood, Ellen | ||
| 245 | _aPrairie Evers / | ||
| 245 | _cEllen Airgood. | ||
| 260 | _aNew York : | ||
| 260 | _bScholastic Inc. | ||
| 260 | _c2012 | ||
| 300 | _a215 pages ; | ||
| 300 | _c22 cm | ||
| 500 | _aCompanion: The education of Ivy Blake. | ||
| 650 | _aChickens -- | ||
| 650 | _aFamilies -- New York (State) -- | ||
| 650 | _aFarm life -- New York (State) -- | ||
| 650 | _aFriendship -- | ||
| 650 | _aSchools -- | ||
| 650 | _xFiction. | ||
| 650 | _xFiction. | ||
| 650 | _xFiction. | ||
| 650 | _xFiction. | ||
| 650 | _xFiction. | ||
| 700 | _a790 | ||
| 999 |
_c299933 _d299933 |
||